Birds : how to watch and understand the fascinating world of birds

Bibliographic Details
Main Author: Bailey, Jill
Format: Book
Published: London : Dorling Kindersley , 1992
Series:Eyewitness explorers
Subjects:

MARC

LEADER 00000cam a2200000 7i4500
001 0000001367
002 000001506
005 20000330.0
020 |a 0863188265 
090 0 0 |a J 500   |b EYE 
100 1 |a Bailey, Jill 
245 1 0 |a Birds :   |b how to watch and understand the fascinating world of birds   |c Jill Bailey and David Burnie 
260 |a London :   |b Dorling Kindersley ,   |c 1992 
300 |a 60p. ;   |c 20cm. 
490 0 |a Eyewitness explorers 
650 0 0 |a Birds   |x Juvenile literature 
999 |a 031043   |b BUKU   |c JUNIOR REFERENCE   |e PERPUSTAKAAN KOMUNITI PETALING JAYA